[Event "GER-ch U18 Girls"]
[Site "Willingen"]
[Date "2020.10.20"]
[Round "1"]
[White "Geletzke, Hannah"]
[Black "Schneider, Jana"]
[Result "0-1"]
[WhiteElo "1624"]
[BlackElo "2270"]
[PlyCount "62"]
[EventDate "2020.10.19"]
[EventType "swiss"]
[EventRounds "7"]
[EventCountry "GER"]
[SourceTitle "EXT 2022"]
[Source "ChessBase"]
[SourceDate "2021.10.06"]
[SourceVersion "1"]
[SourceVersionDate "2021.10.06"]
[SourceQuality "1"]

1. e4 e5 2. Nf3 Nc6 3. Bc4 Bc5 4. d4 Bxd4 5. Nxd4 Nxd4 6. Be3 Nc6 7. Qh5 Qe7 8. Nc3 Nf6 9. Qh4 d6 10. Bg5 Be6 11. Nd5 Bxd5 12. Bxd5 Nb4 13. Bb3 0-0 14. 0-0-0 h6 15. Bxf6 Qxf6 16. Qxf6 gxf6 17. a3 Na6 18. Rhe1 Nc5 19. Bd5 c6 20. b4 cxd5 21. bxc5 d4 22. cxd6 Rfd8 23. Rd3 Rxd6 24. Rf1 Rc8 25. Kd2 Rb6 26. Rc1 Rb2 27. Rf3 Rc6 28. Rh3 Ra2 29. Rb3 b6 30. Rd3 Kf8 31. Rh3 Ke7 0-1

[Event "GER-ch U14 Girls"]
[Site "Willingen"]
[Date "2016.05.18"]
[Round "6"]
[White "Garbuz, Nicole"]
[Black "Geletzke, Hannah"]
[Result "0-1"]
[WhiteElo "1569"]
[BlackElo "1470"]
[PlyCount "66"]
[EventDate "2016.05.15"]
[EventType "swiss"]
[EventRounds "9"]
[EventCountry "GER"]
[SourceTitle "CBM 172 Extra"]
[Source "ChessBase"]
[SourceDate "2016.06.21"]
[SourceVersion "1"]
[SourceVersionDate "2016.06.21"]
[SourceQuality "1"]

1. e4 c5 2. c3 Nf6 3. e5 Nd5 4. d4 cxd4 5. Nf3 e6 6. cxd4 b6 7. Bc4 Bb7 8. a3 Qc7 9. Qd3 b5 10. Bxd5 Qxc1+ 11. Qd1 Qxd1+ 12. Kxd1 Bxd5 13. Nc3 Bxf3+ 14. gxf3 a6 15. Rc1 Nc6 16. Ne2 Be7 17. Rg1 0-0 18. f4 Rab8 19. Rc2 b4 20. axb4 Rxb4 21. Rd2 d5 22. Rg3 Rfb8 23. Rc3 Na5 24. Rc7 Bd8 25. Rd7 Nc4 26. Rc2 Nxb2+ 27. Kd2 Nc4+ 28. Kd1 R4b7 29. Rxb7 Rxb7 30. Ra2 a5 31. Kc1 Rb3 32. Ng3 Bb6 33. Nf1 Ra3 0-1

[Event "GER-ch U14 Girls"]
[Site "Willingen"]
[Date "2016.05.15"]
[Round "1"]
[White "Geletzke, Hannah"]
[Black "Ehmann, Johanna"]
[Result "1/2-1/2"]
[WhiteElo "1470"]
[BlackElo "1701"]
[PlyCount "106"]
[EventDate "2016.05.15"]
[EventType "swiss"]
[EventRounds "9"]
[EventCountry "GER"]
[SourceTitle "CBM 172 Extra"]
[Source "ChessBase"]
[SourceDate "2016.06.21"]
[SourceVersion "1"]
[SourceVersionDate "2016.06.21"]
[SourceQuality "1"]

1. e4 e5 2. Nf3 Nc6 3. Bb5 a6 4. Ba4 Nf6 5. Qe2 b5 6. Bb3 Be7 7. a4 b4 8. d4 d6 9. Qc4 0-0 10. Qxc6 Bd7 11. Qc4 Nxe4 12. dxe5 Nc5 13. Qd4 dxe5 14. Nxe5 Bd6 15. Nxd7 Qxd7 16. Be3 Rfe8 17. Nd2 Rad8 18. Qc4 Qf5 19. 0-0-0 Re5 20. g4 Qg6 21. h4 Nxb3+ 22. Nxb3 Re4 23. Rd4 Rde8 24. g5 Qf5 25. h5 Qf3 26. Qf1 Bf4 27. Rxe4 Rxe4 28. Bxf4 Qxf4+ 29. Kb1 Qxg5 30. Qxa6 Qd8 31. Qc6 Re6 32. Qc4 Qe7 33. Rd1 h6 34. Qd4 Rd6 35. Qg4 Re6 36. Nd4 Rd6 37. Rc1 Qf6 38. Nf5 Rd5 39. Ne3 Rg5 40. Qxb4 Qxf2 41. Qe1 Qf4 42. Qc3 Rxh5 43. Rf1 Qxa4 44. Qb3 Qxb3 45. cxb3 Rh3 46. Nd5 Rxb3 47. Nxc7 g5 48. Kc2 Rb7 49. Nd5 Rb5 50. Nf6+ Kg7 51. Kc3 Kg6 52. b4 h5 53. Nxh5 Kxh5 1/2-1/2

[Event "GER-chT U14 Girls"]
[Site "Magdeburg"]
[Date "2015.12.30"]
[Round "7.4"]
[White "Bashylina, Luisa"]
[Black "Geletzke, Hannah"]
[Result "0-1"]
[WhiteElo "1231"]
[BlackElo "1446"]
[PlyCount "41"]
[EventDate "2015.12.27"]
[EventType "team-swiss"]
[EventRounds "7"]
[EventCountry "GER"]
[SourceTitle "EXT 2017"]
[Source "ChessBase"]
[SourceDate "2016.10.25"]
[SourceVersion "1"]
[SourceVersionDate "2016.10.25"]
[SourceQuality "1"]
[WhiteTeam "Solingen SG"]
[BlackTeam "Erfurt Empor"]
[WhiteTeamCountry "GER"]
[BlackTeamCountry "GER"]

1. e4 c5 2. Nf3 d6 3. d4 cxd4 4. Nxd4 Nf6 5. Nc3 a6 6. Be3 e5 7. Nb3 Be6 8. f3 Be7 9. Qd2 Qc7 10. 0-0-0 0-0 11. g4 Nbd7 12. g5 Nh5 13. Nd5 Bxd5 14. exd5 a5 15. Kb1 a4 16. Nc1 a3 17. bxa3 Rxa3 18. Bd3 Rfa8 19. f4 exf4 20. Bxf4 Qb6+ 21. Ka1 0-1

[Event "GER-chT U14 Girls"]
[Site "Regensburg"]
[Date "2014.12.28"]
[Round "4.3"]
[White "Moeller, Laura"]
[Black "Geletzke, Hannah"]
[Result "1-0"]
[WhiteElo "1387"]
[BlackElo "1387"]
[PlyCount "83"]
[EventDate "2014.12.27"]
[EventType "team-swiss"]
[EventRounds "7"]
[EventCountry "GER"]
[SourceTitle "EXT 2016"]
[Source "ChessBase"]
[SourceDate "2015.10.08"]
[SourceVersion "1"]
[SourceVersionDate "2015.10.08"]
[SourceQuality "1"]
[WhiteTeam "Solingen"]
[BlackTeam "Erfurt Empor"]
[WhiteTeamCountry "GER"]
[BlackTeamCountry "GER"]

1. c4 c5 2. Nc3 Nc6 3. g3 Nf6 4. Bg2 g6 5. Nf3 Bg7 6. 0-0 0-0 7. e3 d6 8. d4 Bg4 9. h3 Bxf3 10. Bxf3 Qd7 11. Kg2 e6 12. d5 Ne5 13. dxe6 fxe6 14. Be2 Qc6+ 15. Kh2 d5 16. cxd5 Nxd5 17. Nxd5 exd5 18. Rb1 Rad8 19. f4 Nc4 20. Bf3 Qe6 21. Re1 Qf5 22. Ra1 Bxb2 23. Bxb2 Nxb2 24. Qb3 Nd3 25. Red1 Nb4 26. a3 Qc2+ 27. Qxc2 Nxc2 28. Rac1 Nxe3 29. Rd3 Rfe8 30. Rxc5 b6 31. Rc7 a5 32. Rb7 Rd6 33. a4 Red8 34. h4 Nc4 35. h5 Nb2 36. Rd4 Nc4 37. Kh3 Ne3 38. Rd3 Nc4 39. h6 Nb2 40. Rg7+ Kh8 41. Re3 R6d7 42. Rxd7 1-0

[Event "GER-chT Lands U20"]
[Site "Hannover"]
[Date "2014.10.05"]
[Round "4.8"]
[White "Geletzke, Hannah"]
[Black "Wolterink, Jule"]
[Result "1-0"]
[WhiteElo "1251"]
[BlackElo "1003"]
[PlyCount "87"]
[EventDate "2014.10.03"]
[EventType "team-swiss"]
[EventRounds "7"]
[EventCountry "GER"]
[SourceTitle "CBM 162 Extra"]
[Source "ChessBase"]
[SourceDate "2014.10.17"]
[SourceVersion "1"]
[SourceVersionDate "2014.10.17"]
[SourceQuality "1"]
[WhiteTeam "Thueringen"]
[BlackTeam "Team Nord"]
[WhiteTeamCountry "GER"]
[BlackTeamCountry "GER"]

1. e4 e6 2. d4 d5 3. exd5 exd5 4. Bd3 Bd6 5. Ne2 Ne7 6. Bf4 c6 7. Nd2 Qc7 8. Bxd6 Qxd6 9. c3 Bf5 10. Qc2 Bxd3 11. Qxd3 Nd7 12. 0-0 0-0 13. Rfe1 Nf6 14. Ng3 Ng6 15. Nf5 Qd7 16. Ng3 Rfe8 17. Nf3 h6 18. Qf5 Qd6 19. Kf1 Re6 20. Rxe6 Qxe6 21. Qxe6 fxe6 22. Re1 Re8 23. Ne5 Nf4 24. Ne2 N6h5 25. Nxf4 Nxf4 26. Re3 Rf8 27. Nd7 Rd8 28. Nc5 Kf7 29. g3 Ng6 30. Rxe6 Nf8 31. Re2 b6 32. Na6 Rd6 33. Kg2 Nd7 34. f4 Nf6 35. Kf3 Kg6 36. Re7 Rd7 37. Rxd7 Nxd7 38. Nb4 Nb8 39. g4 Kf6 40. f5 Kg5 41. Kg3 a5 42. Nd3 Nd7 43. Ne5 Nf6 44. h4# 1-0

[Event "GER-chT U10"]
[Site "Magdeburg"]
[Date "2012.12.29"]
[Round "7.3"]
[White "Geletzke, Hannah"]
[Black "Franz, Theodor Franz"]
[Result "1-0"]
[WhiteElo "1058"]
[BlackElo "817"]
[PlyCount "31"]
[EventDate "2012.12.27"]
[EventType "team-swiss"]
[EventRounds "7"]
[EventCountry "GER"]
[SourceTitle "EXT 2014"]
[Source "ChessBase"]
[SourceDate "2013.11.20"]
[SourceVersion "1"]
[SourceVersionDate "2013.11.20"]
[SourceQuality "1"]
[WhiteTeam "Erfurt Empor"]
[BlackTeam "Berlin Schachpinguine II"]
[WhiteTeamCountry "GER"]
[BlackTeamCountry "GER"]

1. e4 e5 2. Nf3 Nc6 3. Bc4 Nf6 4. d3 Bc5 5. c3 d6 6. Bb3 Be6 7. Bc2 d5 8. exd5 Nxd5 9. Nbd2 Qd7 10. Nf1 0-0-0 11. b4 Nce7 12. bxc5 Nxc3 13. Qd2 Ncd5 14. Nxe5 Qe8 15. c6 f6 16. Bb2 1-0

[Event "GER-chT U10"]
[Site "Magdeburg"]
[Date "2012.12.29"]
[Round "6.3"]
[White "Voss, Henrike"]
[Black "Geletzke, Hannah"]
[Result "1-0"]
[WhiteElo "1030"]
[BlackElo "1058"]
[PlyCount "83"]
[EventDate "2012.12.27"]
[EventType "team-swiss"]
[EventRounds "7"]
[EventCountry "GER"]
[SourceTitle "EXT 2014"]
[Source "ChessBase"]
[SourceDate "2013.11.20"]
[SourceVersion "1"]
[SourceVersionDate "2013.11.20"]
[SourceQuality "1"]
[WhiteTeam "Hamburger SK"]
[BlackTeam "Erfurt Empor"]
[WhiteTeamCountry "GER"]
[BlackTeamCountry "GER"]

1. e4 e5 2. Nf3 Nc6 3. Bc4 Bc5 4. b4 Bxb4 5. c3 Be7 6. d4 d6 7. Qb3 Na5 8. Qa4+ c6 9. Bb3 Nxb3 10. axb3 a6 11. 0-0 Nf6 12. Nbd2 0-0 13. dxe5 dxe5 14. Nxe5 Qd6 15. Nef3 Nh5 16. Re1 Qg6 17. Kh1 Nf4 18. Rg1 Bh3 19. gxh3 Qh5 20. Qd4 Bf6 21. Qxf6 g6 22. Qg5 Qxg5 23. Nxg5 Rad8 24. Ba3 Rfe8 25. Nc4 Rd3 26. Rg3 Red8 27. Rxd3 Rxd3 28. Bb2 Nxh3 29. Ne5 Rd2 30. Nxh3 Rxb2 31. Ra3 Rc2 32. b4 Re2 33. f3 Kg7 34. c4 Kf6 35. Nd7+ Ke7 36. Nb6 Re1+ 37. Kg2 Re2+ 38. Kg3 Kf6 39. Nf4 Rd2 40. Rd3 Rxd3 41. Nxd3 Kg5 42. Nc5 1-0